A history of the Indian state forces (Record no. 77581)

MARC details
000 -LEADER
fixed length control field 00636cam a22002171 4500
001 - CONTROL NUMBER
control field sa 68000958
003 - CONTROL NUMBER IDENTIFIER
control field DLC
005 - DATE AND TIME OF LATEST TRANSACTION
control field 20260227112428.0
008 - FIXED-LENGTH DATA ELEMENTS--GENERAL INFORMATION
fixed length control field 710903s1967 ii ac 00010 eng
010 ## - LIBRARY OF CONGRESS CONTROL NUMBER
LC control number sa 68000958 //r912
025 ## - OVERSEAS ACQUISITION NUMBER
Overseas acquisition number PL480:I-E-9188
040 ## - CATALOGING SOURCE
Original cataloging agency DLC
Transcribing agency DLC
Modifying agency DLC
050 00 - LIBRARY OF CONGRESS CALL NUMBER
Classification number UA842
Item number .M3
082 00 - DEWEY DECIMAL CLASSIFICATION NUMBER
Classification number 355/.00954
Edition number 20
100 00 - MAIN ENTRY--PERSONAL NAME
Personal name Man Singh,
Titles and words associated with a name Maharaja of Jaipur,
Dates associated with a name 1911-1970.
245 12 - TITLE STATEMENT
Title A history of the Indian state forces
Statement of responsibility, etc. [by] the Maharaja of Jaipur.
260 0# - PUBLICATION, DISTRIBUTION, ETC.
Place of publication, distribution, etc. Bombay,
Name of publisher, distributor, etc. Orient Longmans
Date of publication, distribution, etc. [1967]
300 ## - PHYSICAL DESCRIPTION
Extent xxiv, 122 p.
Other physical details illus., port.
Dimensions 22 cm.
350 ## - PRICE (NR) (BK AM CF MU VM SE) [OBSOLETE]
Price Rs20
610 10 - SUBJECT ADDED ENTRY--CORPORATE NAME
Corporate name or jurisdiction name as entry element India.
Subordinate unit Army
General subdivision History.

No items available.

Powered by Koha